BIBLIOTECA

SENCICO

Remodelación de viviendas (Registro nro. 2355)

Detalles MARC
000 -LEADER
fixed length control field 00462nam a2200205Ia 4500
005 - DATE AND TIME OF LATEST TRANSACTION
control field 20251020182540.0
008 - FIXED-LENGTH DATA ELEMENTS--GENERAL INFORMATION
fixed length control field 200515s9999 xx 000 0 und d
082 ## - DEWEY DECIMAL CLASSIFICATION NUMBER
Classification number 728.20/C96
100 ## - MAIN ENTRY--PERSONAL NAME
Personal name CUSA, Juan de
245 #0 - TITLE STATEMENT
Title Remodelación de viviendas
260 ## - PUBLICATION, DISTRIBUTION, ETC.
Place of publication, distribution, etc. Barcelona
260 ## - PUBLICATION, DISTRIBUTION, ETC.
Date of publication, distribution, etc. 1992
300 ## - PHYSICAL DESCRIPTION
Extent 356
500 ## - GENERAL NOTE
General note 1 ejemplar
650 ## - SUBJECT ADDED ENTRY--TOPICAL TERM
Topical term or geographic name entry element LIB
650 ## - SUBJECT ADDED ENTRY--TOPICAL TERM
Topical term or geographic name entry element REMODELACION DE VIVIENDAS
650 ## - SUBJECT ADDED ENTRY--TOPICAL TERM
Topical term or geographic name entry element TABIQUES
650 ## - SUBJECT ADDED ENTRY--TOPICAL TERM
Topical term or geographic name entry element VIVIENDAS
942 ## - ADDED ENTRY ELEMENTS (KOHA)
Koha item type Libros
Existencias
Fecha de la última vez que lo usaron Pago total Signatura topográfica completa Código de barras Precio efectivo desde Tipo de documento Estado perdido Estado dañado No es para préstamo Retirado Ubicación permanente Ubicación actual Fecha de adquisición
15/05/2020   728.20/C96 Bib-Lima15052355 15/05/2020 Libros         Biblioteca Central Lima Biblioteca Central Lima 15/05/2020